JR西日本の編成番号一覧 - Statistics

General Stats
  • This quiz has been taken 142 times
    9 since last reset
  • The average score is 60 of 79
Answer Stats
Hint Answer % Correct
221系4連 K
100%
225系700番台 K
100%
105系 K
100%
683系8000番台3,6連 A
89%
115系4連 A
89%
227系0番台3連 A
89%
683系4000番台 B
89%
213系0番台 C
89%
321系 D
89%
115系3連 D
89%
キハ189系 H
89%
207系0番台改造組換4連 H
89%
227系500番台2連2パンタ H
89%
225系0,100番台8連 I
89%
285系0番台 I
89%
223系2000番台6連 J
89%
225系100番台6連 L
89%
227系500番台3連 L
89%
117系 M
89%
103系3550番台 M
89%
683系2000番台 N
89%
125系 N
89%
115系4連 N
89%
223系6000番台6連 P
89%
223系5000番台 P
89%
113系 S
89%
キハ122系 S
89%
207系3連 S
89%
227系0番台2連 S
89%
207系1000,2000番台4連 T
89%
115系2連 T
89%
521系100番台 U
89%
225系0,100番台4連 U
89%
123系 U
89%
105系ホーム検知装置装備(?) U
89%
683系0番台3連 V
89%
681系0,2000番台3連 V
89%
223系1000,2000番台4連 V
89%
681系0,2000番台6連 W
89%
683系0番台6連 W
89%
223系1000,2000番台8連 W
89%
キハ127系 W
89%
207系6連 X
89%
273系 Y
89%
207系0番台4連 Z
89%
521系 E
78%
125系 F
78%
221系6連 F
78%
223系5500番台 F
78%
105系 F
78%
683系2000番台 R
78%
223系6000番台4連 R
78%
227系500番台2連 R
78%
223系0・2500番台 HE
67%
225系5000,5100番台4連,5100番台6連 HF
67%
223系6000番台4連 MA
67%
221系4連 NA
67%
221系8連 NB
67%
221系6連 NC
67%
205系 NE
67%
287系4連 FA
56%
287系3連 FC
56%
271系 HA
56%
281系 HA
56%
283系 HB
56%
287系 HC
56%
289系 HD
56%
289系4連 FG
44%
289系3連 FH
44%
213系7000番台 LA
44%
323系 LS
44%
225系6000番台6連 ML
44%
225系6000番台4連 MY
44%
227系1000番台和歌山線1パンタ SR
44%
227系1000番台紀勢本線 SS
44%
キハ189系7000番台 HO
33%
227系1000番台和歌山線2パンタ SD
33%
103系3500番台 BH
22%
223系2500番台 RS
22%
No matching quizzes found
Score Distribution
Percent of People with Each Score
Percentile by Number Answered
Your Score History
You have not taken this quiz since the last reset